Το παιδί απο τη Γερμανία
Saved in:
| Main Author: | |
|---|---|
| Other Authors: | |
| Format: | Book |
| Language: | Greek Swedish |
| Published: |
Αθήνα :
Μεταίχμιο,
2016.
|
| Series: | Pocket book
|
| Subjects: | |
| Tags: |
Add Tag
No Tags, Be the first to tag this record!
|
MARC
| LEADER | 00000cam a2200000 a 4500 | ||
|---|---|---|---|
| 001 | 1/114632 | ||
| 008 | 170818t2016####gr | ||| |||| ||gre|| | ||
| 020 | |a 9786180304060 | ||
| 040 | |a GR-MyUa |b gre |c GR-MyUa |e AACR2 | ||
| 041 | 1 | |a gre |h swe | |
| 082 | 7 | |a 839.73 |2 (23) | |
| 100 | 1 | |a Läckberg, Camilla. | |
| 245 | 1 | 3 | |a Το παιδί απο τη Γερμανία / |c Camilla Lackberg ; μετάφραση από τα σουηδικά Γρηγόρης Κονδύλης. |
| 260 | |a Αθήνα : |b Μεταίχμιο, |c 2016. | ||
| 300 | |a 654 σ. ; |c 17 εκ. | ||
| 490 | 1 | |a (Pocket book) | |
| 500 | |a Πρώτη έκδοση Φεβρουάριος 2013. | ||
| 500 | |a Τίτλος πρωτοτύπου: Tyskungen. | ||
| 650 | 0 | |a Swedish fiction. | |
| 650 | 0 | |a Mystery |x Fiction. | |
| 650 | 0 | |a Noir fiction. | |
| 650 | 0 | |a Murder |x Investigation |v Drama. | |
| 650 | 0 | |a Detective and mystery stories. | |
| 650 | 0 | |a Suspense fiction. | |
| 700 | 1 | |a Κονδύλης, Γρηγόρης Ν. |e trl | |
| 830 | 0 | |a Pocket book | |
| 852 | |a INST |b SAMOS |e 20170818 |h 839.73 LAC |p 005300044728 |q 005300044728 |t BK |y 0 | ||
| 920 | |a Μωρηγιάννη |b Σταυρούλα |y Σάμος |z 2017-05 | ||
| 970 | |a Φιλιππή |b Φάλη |z 18-08-2017 | ||